书目信息 |
| 题名: |
资本经营战略
|
|
| 作者: | 肖瑜 编著 | |
| 分册: | ||
| 出版信息: | 上海 上海财经大学出版社 2000.07 |
|
| 页数: | 455页 | |
| 开本: | 32开 | |
| 丛书名: | ||
| 单 册: | ||
| 中图分类: | F270 | |
| 科图分类: | ||
| 主题词: | 企业经济 | |
| 电子资源: | ||
| ISBN: | 7-81049-448-1 | |
| 000 | 00546nam0 2200193 45 | |
| 001 | 0103221019 | |
| 005 | 20010322105637.9 | |
| 010 | @a7-81049-448-1@d26.00元 | |
| 100 | @a20010322d2000 km y0chiy0120 ea | |
| 101 | 0 | @achi |
| 105 | @a z 000yy | |
| 200 | 1 | @a资本经营战略@AZi Ben Jing Ying Zhan Lue@f肖瑜等编著@FXiao Yu Deng Bian Zhu |
| 210 | @a上海@c上海财经大学出版社@d2000.07 | |
| 215 | @a455页@d32开 | |
| 606 | 0 | @a企业经济 |
| 690 | @aF270@v3 | |
| 701 | 0 | @a肖瑜@4编著 |
| 801 | @aCN@bPftUser@c20010322 | |
| 905 | @b331694-696@dF270@eX.799@f3 | |
| 资本经营战略/肖瑜等编著.-上海:上海财经大学出版社,2000.07 |
| 455页;32开 |
| ISBN 7-81049-448-1:26.00元 |
| ● |
| 相关链接 |
|
|
|
正题名:资本经营战略
索取号:F270/X.799
 
预约/预借
| 序号 | 登录号 | 条形码 | 馆藏地/架位号 | 状态 | 备注 |
| 1 | 331694 | 203316946 | 社科库409/409社科库 85排2列4层/ [索取号:F270/X.799] | 在馆 | |
| 2 | 331695 | 203316955 | 社科库409/409社科库 85排2列4层/ [索取号:F270/X.799] | 在馆 | |
| 3 | 331696 | 203316964 | 社科库409/409社科库 85排2列4层/ [索取号:F270/X.799] | 在馆 |